Introducción a una metafísica de la contingencia

Ensayo filosófico sobre el carácter contingente con el que se comprenden y valoran las cosas mismas en la inmediatez cotidiana. Efectivamente el tema central es el valor adjudicado a las cosas, lo cual dificulta ubicar con precisión dónde se encuentra la moral. De ello se desprenden una serie de pr...

Ausführliche Beschreibung

Gespeichert in:
Bibliographische Detailangaben
1. Verfasser: Alvarez González, Francisco
Format: Buch
Sprache:Undetermined
Veröffentlicht: Cuenca, España Publicaciones de la Universidad de Cuenca 1959
Schlagworte:
Tags: Tag hinzufügen
Keine Tags, Fügen Sie den ersten Tag hinzu!

MARC

LEADER 00000nam a2200000Ia 4500
008 170316s9999 xx 000 0 und d
040 |a cru BVZT 
090 |a 100 A-16in 
100 |a Alvarez González, Francisco  |9 823 
245 |a Introducción a una metafísica de la contingencia 
260 |a Cuenca, España 
260 |b Publicaciones de la Universidad de Cuenca 
260 |c 1959 
300 |a 72 páginas 
520 |a Ensayo filosófico sobre el carácter contingente con el que se comprenden y valoran las cosas mismas en la inmediatez cotidiana. Efectivamente el tema central es el valor adjudicado a las cosas, lo cual dificulta ubicar con precisión dónde se encuentra la moral. De ello se desprenden una serie de problemas que devienen como objetos de análisis, tales como la percepción del valor en las cosas como elemento de plenitud de la cosa como se presenta, la transmutación de los valores según Nietzsche o la dicotomía entre el deber implícito del valor y su relatividad circunstancial, entre otros 
650 |a FILOSOFÍA  |9 5 
650 |a METAFÍSICA  |9 239 
999 |c 15480  |d 15480 
942 |c 15 D  |h 100 A-16in  |2 z